000 00761nam a2200169Ia 4500
008 090711s9999 xx 000 0 und d
082 _b67122
100 _aकुलकर्णी गो. म.
245 _aआधुनिक मराठी कविता काही रुपे काही रंग (1918 ते 1990)
260 _c1991
300 _a110
600 _aकुलकर्णी गो. म.
630 _aआधुनिक मराठी कविता काही रुपे काही रंग (1918 ते 1990)
700 _aकुलकर्णी गो. म.
730 _aआधुनिक मराठी कविता काही रुपे काही रंग (1918 ते 1990)
942 _cBOOK
999 _c314128
_d314128